000 00286nam a22001337a 4500
008 171107b xxu||||| |||| 00| 0 eng d
020 _a9780395791165
041 _aeng
080 _22ND
_a721.053
100 _a62
101 _aAUD
245 _aAUDITING
_cKIGER.J.E
942 _2udc
_cBK
999 _c38151
_d38151